从0到1 (Record no. 34301)

000 -LEADER
fixed length control field 00496nam a22001937a 4500
003 - CONTROL NUMBER IDENTIFIER
control field MPLRDC
005 - DATE AND TIME OF LATEST TRANSACTION
control field 20220104142846.0
008 - FIXED-LENGTH DATA ELEMENTS--GENERAL INFORMATION
fixed length control field 210129b ||||| |||| 00| 0 eng d
020 ## - INTERNATIONAL STANDARD BOOK NUMBER
International Standard Book Number 978-986-241-953-3
082 ## - DEWEY DECIMAL CLASSIFICATION NUMBER
Classification number 494.1 THI
100 ## - MAIN ENTRY--PERSONAL NAME
Personal name PETER THIEL, BLAKE MASTERS
245 ## - TITLE STATEMENT
Title 从0到1
Statement of responsibility, etc. 季晶晶 译
250 ## - EDITION STATEMENT
Edition statement 一版5刷
260 ## - PUBLICATION, DISTRIBUTION, ETC.
Place of publication, distribution, etc. 台湾
Name of publisher, distributor, etc. 天下杂志股份有限公司
Date of publication, distribution, etc. 2014
300 ## - PHYSICAL DESCRIPTION
Other physical details 270
490 ## - SERIES STATEMENT
Series statement 天下财经: 267
650 ## - SUBJECT ADDED ENTRY--TOPICAL TERM
Topical term or geographic name entry element 创业
942 ## - ADDED ENTRY ELEMENTS (KOHA)
Koha item type Book
-- 494.1 THI
Holdings
Withdrawn status Lost status Source of classification or shelving scheme Damaged status Not for loan Collection code Home library Current library Shelving location Date acquired Cost, normal purchase price Total Checkouts Full call number Barcode Date last seen Date last checked out Price effective from Koha item type Public note
            Malaysian Public Library, Research and Development Centre Malaysian Public Library, Research and Development Centre   10/12/2007 51.50   494.1 THI 00034405 18/03/2021 29/06/2016 18/03/2021 Book mplrdc

© 2022. Malaysian Public Library, Research and Development Centre. All Right ReservedE-mailmplrdc@help.edu.my 

Powered by Koha